00619nam a2200193 a 4500001001000000005001700010008004100027041000800068044000700076050002200083100001900105245006100124260004900185300004100234500008600275500000900361650003500370650002000405BRCA_363420190320204349.0260809s1962----mx-a---###---#000-0#eng-# aeng amx 4aND1352b.K54 19621 aKiek, Martín10aMexico through British eyes of the pastcby Martin Kiek. aMéxicobImprenta Benjamín Franklinc1962 a1 v. (sin paginación)bil.c22 cm. aReprinted from the magazine INTERCAMBIO, (Mexico City) No. 222, of May 31st, 1962 aB30214aPaisajes, Pintura dezMéxico14aPintura inglesa